Statistics for Top 10 Oldest Living NBA Scoring Champions

Click here to take the quiz!

General Stats

  • This quiz has been taken 9 times
  • The average score is 5 of 10

Answer Stats

AgeDPOY% Correct
75Kareem Abdul-Jabbar
100%
83Jerry West
78%
89Bob Pettit
67%
76Elvin Hayes
44%
70George Gervin
44%
70Bob McAdoo
33%
78Rick Barry
33%
68Alex English
22%
78Dave Bing
22%
73Tiny Archibald
22%

Score Distribution

Percentile by Number Answered

Percent of People with Each Score

Your Score History

You have not taken this quiz